LEADER 02283nas# 22003131i 450 001 UON00085045 005 20231205102444.344 100 $a20020107a1984 |0itac50 ba 101 $aspa 102 $aES 105 $a|||| ||||| 110 $aaA||||||||| 200 1 $aSharq al-Andalus$eEstudios arabes$f[Director Mikel de Epalza] 205 $aN. 1- 207 $aAlicante : Universidad de Alicante, 1984- 210 $a v.$a22 cm 215 $aAnnuale 517 1$3UON00362817$aAnales de la Universidad de Alicante 606 $aANDALUS$3UONC020471$2RI 606 $aMONDO ARABO$xStudi$3UONC020842$2RI 620 $dAlicante$3UONL000472 702 1$aEPALZA$bMikel : de$3UONV003959 712 $aUniversidad de Alicante$3UONV257125$4650 801 $aIT$bSOL$c20240220$gRICA 899 $aSIBA - SISTEMA BIBLIOTECARIO DI ATENEO$2UONSI$41(1984)-8(1991); 10-11(1993-1994)-12(1995);$cA PER Afr 216 ; 912 $aUON00085045 950 $aSIBA - SISTEMA BIBLIOTECARIO DI ATENEO$bSI 1(1984)-8(1991); 10-11(1993-1994)-12(1995);$dSI A PER Afr 216 01 $eSI AA 8961 7 01 $dSI A PER Afr 216 02 $eSI AA 8962 7 02 $dSI A PER Afr 216 03 $eSI AA 8963 7 03 $dSI A PER Afr 216 04 $eSI AA 10616 7 04 $dSI A PER Afr 216 05 $eSI AA 11784 7 05 $dSI A PER Afr 216 06 $eSI AA 11785 7 06 $dSI A PER Afr 216 07 $eSI AA 14891 7 07 $dSI A PER Afr 216 12 $eSI AA 19084 7 12 $dSI A PER Afr 216 08 $eSI AA 19802 7 08 $dSI A PER Afr 216 10-11 $eSI AA 21798 7 10-11 996 $aSharq al-Andalus$91325835 997 $aUNIOR